| 000 | 00600nam a2200169Ia 4500 | ||
|---|---|---|---|
| 005 | 20260121165310.0 | ||
| 008 | 260121s9999 xx 000 0 und d | ||
| 020 | _a978-93-91558-00-0 | ||
| 041 | _amar | ||
| 082 | _a925 | ||
| 100 | _aक्षीरसागर क. कू. | ||
| 245 | _aअष्टपैलू शास्त्रज्ञ डॉ गोविंद बाळकृष्ण डेवडीकर | ||
| 250 | _a1 | ||
| 260 |
_bभारतीय विचार साधना पुणे _c2021 |
||
| 300 | _a88 | ||
| 650 |
_aमराठी साहित्य _9216395 |
||
| 999 |
_c369969 _d369969 |
||